01098nac a22002891u 4500010001600000020002800016020002200044082001800066090001500084100003400099245010000133260004500233300003600278440003900314500002600353504006400379511002600443650003600469650004200505650002800547650002700575650003800602650002700640942002000667999001500687952010600702 a 93045466 a1563241005 (alk. paper) a1563241013 (pbk.)00a332.4973bGUT c7187d7187 aGuttmann, Robert, 10aHow credit-money shapes the economy :bthe United States in a global system /cRobert Guttmann. aArmonk, N.Y. :bM.E. Sharpe,1994cc1994. axxiii, 561 p. :bill. ;c24 cm. 0aColumbia University seminar series adistributer: Al-Ahram aIncludes bibliographical references (p. 527-539) and index. acatalogued by: wessam 0aMonetary policyzUnited States. 0aMoneyxSocial aspectszUnited States. 0aGold standardxHistory. 0aCreditzUnited States. 0aBanks and bankingzUnited States. 0aInternational finance. cBBk332.4973GUT c7187d7187 00104070aMAINbMAINc1STd2015-01-08ePurchasel0o332.4973GUTp000008283r2025-07-15 00:00:00yBB